000 01341cam a2200337 a 4500
001 12404572
003 20170214143656.0
005 20240606080956.0
008 010510s2002 nyuk 001 0 eng
010 _a 2001026520
020 _a0766830837
040 _aDLC
_cDLC
_dDLC
043 _an-us---
050 0 0 _aKF9219
_b.B23 2001
082 0 0 _a345.73
_221
100 1 _aBacigal, Ronald J.
245 1 0 _aCriminal law and procedure :
_ban introduction /
250 _a2nd ed.
260 _aAlbany, NY :
_bWest/Thomson Learning,
_cc2002.
300 _axxxi, 368 p. :
_bforms ;
_c27 cm.
440 4 _aThe West Legal Studies series
500 _aIncludes index.
650 0 _aCriminal law
_zUnited States.
650 0 _aCriminal procedure
_zUnited States.
856 4 2 _3Contributor biographical information
_uhttp://www.loc.gov/catdir/enhancements/fy1514/2001026520-b.html
856 4 2 _3Publisher description
_uhttp://www.loc.gov/catdir/enhancements/fy1514/2001026520-d.html
856 4 1 _3Table of contents only
_uhttp://www.loc.gov/catdir/enhancements/fy1514/2001026520-t.html
906 _a7
_bcbc
_corignew
_d1
_eocip
_f20
_gy-gencatlg
942 _2lcc
_cBK
999 _c5423
_d5423